000 00773cam a22002653a 4500
001 21098
003 PGUSA
005 20140828083441.0
008 070416s2007||||xxu|||||s|||||000 1 eng d
040 _aPGUSA
_beng
042 _adc
050 4 _aPR
100 1 _aVaizey, George de Horne,
_cMrs,
_d1857-1917
245 1 4 _aThe Independence of Claire
_h[electronic resource] /
_cGeorge de Horne, Vaizey
260 _bProject Gutenberg,
_c2007
506 _aPublic domain in the USA.
516 _aElectronic text
653 _aYoung women -- Fiction
653 _aLove stories
653 _aTeachers -- Fiction
653 _aMothers and daughters -- Fiction
830 0 _aProject Gutenberg
_v21098
856 4 0 _uhttp://www.gutenberg.org/ebooks/21098
942 _cEB
999 _c250353
_d250353